|
|
|
|
| LEADER |
00000cam a2200000 7i4500 |
| 001 |
0000001464 |
| 005 |
20040318.0 |
| 090 |
0 |
0 |
|a JPSM 634.92850212
|b MAL 1970
|
| 110 |
1 |
0 |
|a MALAYSIA
|c Jabatan Perhutanan Semenanjung Malaysia
|
| 245 |
1 |
0 |
|a Tables of cubic contents of sawn timber
|
| 260 |
0 |
0 |
|a Kuala Lumpur :
|b Ministry of Lands and Mines ,
|c (1970)
|
| 300 |
|
|
|a (56) p. :
|b tables ;
|c 26 cm.
|
| 650 |
0 |
0 |
|a Forests and forestry
|x Mensuration
|x Tables
|
| 650 |
0 |
0 |
|a Wood
|x Density
|x Tables
|
| 998 |
|
|
|a JPSM
|
| 999 |
|
|
|a 0000000077
|b Monograph
|c Reference
|e Default branch
|
| 999 |
|
|
|a 0000000078
|b Monograph
|c Reference
|e Default branch
|
| 999 |
|
|
|a 0000000079
|b Monograph
|c Open Shelf
|e Default branch
|
| 999 |
|
|
|a 0000002468
|b Monograph
|c Open Shelf
|e Default branch
|